Kizo - Jeszcze 5 minut - Statystyki

Ogólne statystyki
  • Ten quiz został rozwiązany 79 razy
  • Średni wynik to 10 z 16
Statystyki odpowiedzi
Numer Tytuł Gość % Poprawnych
11 Pogo Oki
83%
4 Jeszcze pięć minut Lubin
78%
15 Nasze lato Wac Toja
78%
10 Disney
75%
7 OXA Pusher
73%
13 Zdrowie Janusz Walczuk
71%
2 Król balu
65%
9 Aladin Kabe
62%
6 Ojej Major SPZ
62%
16 Ojej - Remix Major SPZ
62%
1 MTS
59%
5 Dobrze
54%
8 Forma
51%
12 Mam do tego nosa Berson
49%
14 Wrrrum
46%
3 Z nadzieją
41%
Nie znaleziono quizów pasujących do podanych kryteriów
Rozkład punktacji
Procent ludzi z każdym wynikiem
Percentyl według liczby udzielonych odpowiedzi
Twoja historia wyników
Nie rozwiązałeś tego quizu